Althuser: Dharsanavum Rashtreeyavum (Record no. 45836)

MARC details
000 -LEADER
fixed length control field 00437nam a2200169Ia 4500
003 - CONTROL NUMBER IDENTIFIER
control field OSt
005 - DATE AND TIME OF LATEST TRANSACTION
control field 20211116132243.0
008 - FIXED-LENGTH DATA ELEMENTS--GENERAL INFORMATION
fixed length control field 211109s9999||||xx |||||||||||||| ||und||
040 ## - CATALOGING SOURCE
Transcribing agency SBCL
082 ## - DEWEY DECIMAL CLASSIFICATION NUMBER
Classification number 335.430
Item number SRE-A
100 ## - MAIN ENTRY--PERSONAL NAME
Personal name Sreejan, V C
245 #0 - TITLE STATEMENT
Title Althuser: Dharsanavum Rashtreeyavum
260 ## - PUBLICATION, DISTRIBUTION, ETC.
Name of publisher, distributor, etc. Focus
Place of publication, distribution, etc. Thiruvananthapuram
Date of publication, distribution, etc. 2009
630 ## - SUBJECT ADDED ENTRY--UNIFORM TITLE
General subdivision GENERAL STACK
942 ## - ADDED ENTRY ELEMENTS (KOHA)
Koha item type BOOK
650 ## - SUBJECT ADDED ENTRY--TOPICAL TERM
Form subdivision Economics
General subdivision Social sciencesGeneralia
Holdings
Withdrawn status Lost status Source of classification or shelving scheme Damaged status Not for loan Home library Current library Date acquired Cost, normal purchase price Full call number Barcode Shelving location Date last seen Price effective from Koha item type
    Dewey Decimal Classification     SB LIBRARY SB LIBRARY 09/11/2021 22.00 335.430 SRE-A 00087823 GENERAL STACK 09/11/2021 09/11/2021 BOOK

Powered by Koha